Missing Word: Top Grossing Movies (1990) Quiz Stats

Quiz Updated Jan 16, 2015

Challenge
Share
Tweet
Embed
Score 0/20 Timer 02:00
0 Plays Today
Movie Missing Word % Correct
Teenage Mutant Ninja _______Turtles
97.7%
Back to the ______ Part IIIFuture
97.7%
Home _____Alone
97.5%
Die ____ 2: Die ____erHard
97%
Dances with ______Wolves
93.6%
______ WomanPretty
91.8%
The Hunt for ___ OctoberRed
91.4%
Edward ____________Scissorhands
90.4%
The Godfather ____ IIIPart
89.5%
Total ______Recall
87.6%
Movie Missing Word % Correct
____ TracyDick
83.6%
Child's ____ 2Play
81.8%
Another __ Hrs.48
67.9%
Days of _______Thunder
66.3%
Bird on a ____Wire
65.1%
Presumed ________Innocent
62.5%
____________ CopKindergarten
59.6%
Marked for _____Death
48%
_______ ChildProblem
31.7%
_______ HeightsPacific
15.1%

Today's Daily Dose

You're not logged in!

Compare scores with friends on all Sporcle quizzes.
Join for Free
OR
Log In

You Might Also Like...

Show Comments

Extras

Top Quizzes Today


Score Distribution

Your Account Isn't Verified!

In order to create a playlist on Sporcle, you need to verify the email address you used during registration. Go to your Sporcle Settings to finish the process.

Report this User

Report this user for behavior that violates our Community Guidelines.

Details: